Geography Quiz

Random Geography or State Quiz

10 to 1: US Cities Quiz Stats

Quiz Updated Jun 26, 2017

Challenge
Share
Tweet
Embed
Score 0/55 Timer 08:00
192 Plays Today
% Correct
Los Angeles
97.1%
San Francisco
97%
Sacramento
96%
San Diego
95.1%
Anaheim
94.3%
Cleveland
94.2%
Columbus
93.4%
Berkeley
93.2%
Boston
93.1%
Pasadena
92.7%
San Jose
92.5%
Cincinnati
92.5%
Detroit
92.4%
Oakland
92.2%
Phoenix
91.7%
Anchorage
91%
Fresno
89.7%
Dayton
89.1%
Juneau
88.5%
Tucson
88.4%
Akron
88.4%
Ann Arbor
88.3%
Providence
87.4%
Lansing
87.3%
Charleston
87.1%
Flint
87%
Scottsdale
86%
Bismarck
85.3%
% Correct
Grand Rapids
85.2%
Cheyenne
84.7%
Toledo
84.2%
Myrtle Beach
83.4%
Mesa
82.6%
Fargo
81.4%
Flagstaff
81.3%
Fairbanks
80.7%
Columbia
80.5%
Worcester
79.7%
Foxborough
79.5%
Hilton Head Island
77.9%
Salem
77.3%
Kalamazoo
76.9%
New Bedford
76.7%
Dearborn
76.4%
Sedona
75.9%
Youngstown
74.6%
Lowell
74.1%
Clemson
73.8%
Sandusky
73.8%
Nome
71.5%
Casper
67.5%
Grand Forks
62%
Lynn
59.7%
Traverse City
56.4%
Elyria
47.3%

You're not logged in!

Compare scores with friends on all Sporcle quizzes.
Sign Up with Email
OR
Log In

You Might Also Like...

Show Comments

Extras

Top Quizzes Today


Score Distribution

Your Account Isn't Verified!

In order to create a playlist on Sporcle, you need to verify the email address you used during registration. Go to your Sporcle Settings to finish the process.